000
00238nam a22001097a 4500
082
_a
910
100
_a
Khan Sir
_9
82107
245
_a
Student Atlas
260
_a
New Delhi
_b
R.B.D. Publications
_c
2022
650
_a
Atlas
_9
36281
942
_c
BK
999
_c
66451
_d
66451